[Event "WC-2017-Q-00011"]
[Site "LSS email"]
[Date "2017.08.22"]
[Round "?"]
[White "Kuzmin, Konstantin"]
[Black "Jarabinsky, Martin"]
[Result "1/2-1/2"]
[WhiteElo "2388"]
[BlackElo "2261"]
[PlyCount "88"]
[EventDate "2017.09.01"]
[EventType "tourn (corr)"]
[EventRounds "12"]
[EventCountry "GER"]
[SourceTitle "Corr 2022"]
[Source "ChessBase"]
[SourceDate "2021.10.24"]
[SourceVersion "1"]
[SourceVersionDate "2021.10.24"]
[SourceQuality "1"]

1. d4 d5 2. c4 e6 3. Nc3 Nf6 4. cxd5 exd5 5. Bg5 c6 6. e3 Bf5 7. Qf3 Bg6 8. Bxf6 Qxf6 9. Qxf6 gxf6 10. g3 Nd7 11. Be2 Nb6 12. Nf3 Bd6 13. 0-0 0-0-0 14. Rfc1 Kb8 15. Kg2 Rhe8 16. a3 Be7 17. b3 a6 18. Ne1 Bd6 19. Nd3 Bf5 20. Ra2 Bg6 21. Kg1 h6 22. Kg2 Re7 23. h3 Rde8 24. Nc5 Ka7 25. Nd1 Rg8 26. h4 Bh7 27. Nc3 Ree8 28. Rb2 Bf5 29. Nd1 Bc8 30. b4 Bg4 31. a4 f5 32. Nc3 Bxe2 33. Nxe2 Nc4 34. Rb3 Rc8 35. Rd1 Rgd8 36. Nc1 Kb6 37. N1d3 Ra8 38. Nb2 Kc7 39. a5 Nxb2 40. Rxb2 Rg8 41. Kf3 h5 42. Ke2 Rae8 43. Kd3 Rd8 44. Rbb1 Be7 1/2-1/2

[Event "WC-2017-Q-00011"]
[Site "LSS email"]
[Date "2017.08.22"]
[Round "?"]
[White "Kuzmin, Konstantin"]
[Black "Schroeder, Christoph"]
[Result "1-0"]
[WhiteElo "2388"]
[BlackElo "2313"]
[PlyCount "119"]
[EventDate "2017.09.01"]
[EventType "tourn (corr)"]
[EventRounds "12"]
[EventCountry "GER"]
[SourceTitle "Corr 2022"]
[Source "ChessBase"]
[SourceDate "2021.10.24"]
[SourceVersion "1"]
[SourceVersionDate "2021.10.24"]
[SourceQuality "1"]

1. d4 f5 2. Nf3 Nf6 3. g3 e6 4. Bg2 d5 5. 0-0 Bd6 6. c4 0-0 7. Ne5 c6 8. Bf4 Ng4 9. Nf3 Bxf4 10. gxf4 b6 11. Nbd2 Bb7 12. e3 Nd7 13. Rc1 Qe7 14. cxd5 exd5 15. Qb3 h6 16. Rc2 Kh7 17. Ne5 Ngxe5 18. fxe5 Rfc8 19. Qd3 g6 20. f4 Nf8 21. Nf3 Ne6 22. h4 Ng7 23. Bh3 Rg8 24. Rfc1 Raf8 25. Kf2 Ba8 26. Bg2 Ne6 27. Rxc6 Bxc6 28. Rxc6 Ng7 29. Qc2 Rf7 30. Bf1 Rd8 31. Bd3 Rff8 32. Bb5 Rf7 33. a3 Nh5 34. b4 Rg7 35. Bd3 Qe8 36. b5 Qf8 37. Qa2 Rb7 38. a4 Qe7 39. Bc2 Qf8 40. Bb3 Rbd7 41. Kg2 Qb4 42. Bd1 Rg8 43. Kh3 Rgd8 44. Qb3 Qe7 45. Qc2 Qa3 46. Rc3 Qf8 47. Nh2 Ng7 48. Rc6 Re7 49. h5 gxh5 50. Nf3 Re6 51. Rc3 Ree8 52. Nh4 Rc8 53. Rc6 Rxc6 54. bxc6 Qf7 55. Bf3 Rd8 56. Qa2 Ne6 57. Kh2 Ng7 58. Bxd5 Rxd5 59. c7 Qxc7 60. Qxd5 1-0

[Event "CP-2017-S-00005"]
[Site "LSS email"]
[Date "2017.02.06"]
[Round "?"]
[White "Kuzmin, Konstantin"]
[Black "Szczepanski, Zbigniew"]
[Result "1/2-1/2"]
[WhiteElo "2380"]
[BlackElo "2469"]
[PlyCount "44"]
[EventDate "2017.02.12"]
[EventType "tourn (corr)"]
[EventRounds "7"]
[EventCountry "GER"]
[SourceTitle "Corr 2022"]
[Source "ChessBase"]
[SourceDate "2021.10.24"]
[SourceVersion "1"]
[SourceVersionDate "2021.10.24"]
[SourceQuality "1"]

1. d4 Nf6 2. c4 e6 3. g3 d5 4. Bg2 Bb4+ 5. Nd2 0-0 6. Ngf3 b6 7. 0-0 Bb7 8. a3 Be7 9. cxd5 exd5 10. b4 a5 11. b5 c6 12. bxc6 Nxc6 13. Bb2 Bd6 14. e3 b5 15. Qb1 a4 16. Re1 Rc8 17. Bc3 Ba6 18. Rc1 Qe7 19. Qb2 Rc7 20. Bf1 Rfc8 21. Ne5 g6 22. Bh3 Rb8 1/2-1/2

[Event "CP-2017-S-00005"]
[Site "LSS email"]
[Date "2017.02.06"]
[Round "?"]
[White "Pascual Perez, Norge"]
[Black "Kuzmin, Konstantin"]
[Result "1/2-1/2"]
[WhiteElo "2427"]
[BlackElo "2380"]
[PlyCount "67"]
[EventDate "2017.02.12"]
[EventType "tourn (corr)"]
[EventRounds "7"]
[EventCountry "GER"]
[SourceTitle "Corr 2022"]
[Source "ChessBase"]
[SourceDate "2021.10.24"]
[SourceVersion "1"]
[SourceVersionDate "2021.10.24"]
[SourceQuality "1"]

1. e4 d5 2. exd5 Qxd5 3. Nc3 Qa5 4. d4 Nf6 5. Bc4 c6 6. Bd2 Qb6 7. Nf3 Bf5 8. Qe2 e6 9. 0-0-0 Nbd7 10. Nh4 Bg6 11. Nxg6 hxg6 12. h4 Be7 13. Bg5 Qc7 14. Qf3 Rc8 15. Rde1 Nb6 16. Bb3 a5 17. Kb1 Qd7 18. a3 a4 19. Nxa4 Nxa4 20. Bxa4 Qxd4 21. Bb3 Rd8 22. g3 Rd7 23. Ka2 Bc5 24. Rhf1 Be7 25. c3 Qd3 26. Qxd3 Rxd3 27. Re2 Rd7 28. Bc1 Kd8 29. Rd1 Kc7 30. Rxd7+ Nxd7 31. Kb1 b5 32. Bf4+ Bd6 33. Be3 Ra8 34. Bc2 1/2-1/2

[Event "CP-2016-Q-00002"]
[Site "LSS email"]
[Date "2016.11.23"]
[Round "?"]
[White "Kuzmin, Konstantin"]
[Black "Husemann, Andreas"]
[Result "1/2-1/2"]
[WhiteElo "2379"]
[BlackElo "2214"]
[PlyCount "49"]
[EventDate "2016.12.01"]
[EventType "tourn (corr)"]
[EventRounds "6"]
[EventCountry "GER"]
[SourceTitle "Corr 2022"]
[Source "ChessBase"]
[SourceDate "2021.10.24"]
[SourceVersion "1"]
[SourceVersionDate "2021.10.24"]
[SourceQuality "1"]

1. d4 Nf6 2. c4 g6 3. Nc3 d5 4. Nf3 Bg7 5. Qb3 dxc4 6. Qxc4 0-0 7. e4 a6 8. Be2 b5 9. Qb3 c5 10. dxc5 Bb7 11. 0-0 Nxe4 12. Nxe4 Bxe4 13. Bf4 Bd5 14. Qe3 Bxb2 15. Rad1 e6 16. Ng5 Bg7 17. Bg4 Nd7 18. Nxh7 Nf6 19. Nxf6+ Qxf6 20. Rd2 Qc3 21. h4 Qxe3 22. fxe3 Bc6 23. h5 gxh5 24. Bxh5 Rfc8 25. Bd6 1/2-1/2

[Event "CP-2016-Q-00002"]
[Site "LSS email"]
[Date "2016.11.23"]
[Round "?"]
[White "Kuzmin, Konstantin"]
[Black "Loktaev, Val"]
[Result "1/2-1/2"]
[WhiteElo "2379"]
[BlackElo "1857"]
[PlyCount "95"]
[EventDate "2016.12.01"]
[EventType "tourn (corr)"]
[EventRounds "6"]
[EventCountry "GER"]
[SourceTitle "Corr 2022"]
[Source "ChessBase"]
[SourceDate "2021.10.24"]
[SourceVersion "1"]
[SourceVersionDate "2021.10.24"]
[SourceQuality "1"]

1. d4 Nf6 2. c4 e6 3. Nf3 d5 4. Nc3 Nbd7 5. Qc2 dxc4 6. e4 Nb6 7. Bg5 Bd7 8. Be2 h6 9. Be3 Bb4 10. Nd2 0-0 11. 0-0 Rc8 12. a3 Bxc3 13. Qxc3 a6 14. Rfc1 Na4 15. Qxc4 Bb5 16. Qb3 Bxe2 17. Qxa4 Ng4 18. Qb3 a5 19. h3 Nxe3 20. Qxe3 Ba6 21. Rc3 Qd7 22. Rac1 Rcd8 23. Nf3 c6 24. a4 Rfe8 25. Rc5 Qc7 26. g4 f6 27. e5 f5 28. g5 hxg5 29. Nxg5 Qb6 30. b3 Qb4 31. Rd1 Kf8 32. Qf3 g6 33. Qe3 Re7 34. Rc2 Ke8 35. f4 Rdd7 36. Qc3 Qxc3 37. Rxc3 Rd8 38. Kf2 Kd7 39. Ke3 Rh8 40. Rc5 b6 41. Rc3 Bb7 42. Rb1 Kc7 43. Rc4 Ba6 44. Rc2 Bc8 45. b4 axb4 46. Rcb2 Ba6 47. Rxb4 Ra8 48. Kd2 1/2-1/2

[Event "CP-2016-P-00026"]
[Site "LSS email"]
[Date "2016.09.27"]
[Round "?"]
[White "Flores, Luis"]
[Black "Kuzmin, Konstantin"]
[Result "1/2-1/2"]
[WhiteElo "2134"]
[BlackElo "2374"]
[PlyCount "43"]
[EventDate "2016.10.01"]
[EventType "tourn (corr)"]
[EventRounds "6"]
[EventCountry "GER"]
[SourceTitle "Corr 2022"]
[Source "ChessBase"]
[SourceDate "2021.10.24"]
[SourceVersion "1"]
[SourceVersionDate "2021.10.24"]
[SourceQuality "1"]

1. d4 Nf6 2. Nf3 g6 3. c4 Bg7 4. Nc3 0-0 5. g3 c6 6. Bg2 d5 7. cxd5 cxd5 8. 0-0 Ne4 9. Ne5 Nxc3 10. bxc3 Nc6 11. Nxc6 bxc6 12. Qa4 Bd7 13. Ba3 c5 14. Qb3 cxd4 15. cxd4 Bxd4 16. Rad1 Bf6 17. Rxd5 Qe8 18. Ra5 Be6 19. Qe3 Qd8 20. Rxa7 Rxa7 21. Qxa7 Qb8 22. Qa4 1/2-1/2

[Event "CP-2016-P-00026"]
[Site "LSS email"]
[Date "2016.09.27"]
[Round "?"]
[White "Kuzmin, Konstantin"]
[Black "Grillo, Roberto"]
[Result "1-0"]
[WhiteElo "2374"]
[BlackElo "1704"]
[PlyCount "78"]
[EventDate "2016.10.01"]
[EventType "tourn (corr)"]
[EventRounds "6"]
[EventCountry "GER"]
[SourceTitle "Corr 2022"]
[Source "ChessBase"]
[SourceDate "2021.10.24"]
[SourceVersion "1"]
[SourceVersionDate "2021.10.24"]
[SourceQuality "1"]

1. Nf3 Nf6 2. c4 g6 3. d4 Bg7 4. Nc3 d5 5. Qb3 dxc4 6. Qxc4 0-0 7. e4 Bg4 8. Be3 Nfd7 9. Qb3 Nb6 10. Rd1 Bxf3 11. gxf3 e6 12. d5 exd5 13. Nxd5 Nxd5 14. Rxd5 Qf6 15. f4 Qxb2 16. Qxb2 Bxb2 17. Ke2 b6 18. Kf3 c6 19. Rd1 b5 20. a4 a6 21. h4 h5 22. Rg1 Kh7 23. e5 Kg7 24. Bc5 Re8 25. Rd6 a5 26. axb5 cxb5 27. Bxb5 Rc8 28. Be3 a4 29. e6 fxe6 30. f5 exf5 31. Rgxg6+ Kf7 32. Rg5 f4 33. Bc5 Rxc5 34. Rxc5 Ke7 35. Rb6 Bd4 36. Rc7+ Kd8 37. Rbb7 Ra5 38. Rh7 Rxb5 39. Rxb5 Kc8 1-0

[Event "WC-2016-Q-00001"]
[Site "LSS email"]
[Date "2016.08.29"]
[Round "?"]
[White "Kuzmin, Konstantin"]
[Black "Koch, Christian"]
[Result "1-0"]
[WhiteElo "2369"]
[BlackElo "2282"]
[PlyCount "75"]
[EventDate "2016.09.03"]
[EventType "tourn (corr)"]
[EventRounds "12"]
[EventCountry "GER"]
[SourceTitle "Corr 2022"]
[Source "ChessBase"]
[SourceDate "2021.10.24"]
[SourceVersion "1"]
[SourceVersionDate "2021.10.24"]
[SourceQuality "1"]

1. d4 Nf6 2. Nf3 d5 3. c4 e6 4. Nc3 c6 5. e3 Nbd7 6. Qc2 Bd6 7. Bd3 0-0 8. 0-0 dxc4 9. Bxc4 b5 10. Bd3 Bb7 11. a3 Qe7 12. e4 e5 13. Bg5 h6 14. Bh4 Rad8 15. Rae1 g5 16. Nxg5 hxg5 17. Bxg5 Rfe8 18. f4 exd4 19. Nd5 cxd5 20. e5 Qf8 21. exf6 Rxe1 22. Bh7+ Kh8 23. Rxe1 Re8 24. Qf2 Kxh7 25. Qh4+ Kg8 26. Rf1 Re6 27. Bh6 Qxh6 28. Qxh6 Rxf6 29. Qh4 Bc6 30. f5 Bf8 31. Rf3 Rh6 32. Qd8 a5 33. Qe8 Rf6 34. b4 axb4 35. axb4 d3 36. Rg3+ Kh7 37. Rxd3 Rxf5 38. Qc8 1-0

[Event "WC-2016-Q-00001"]
[Site "LSS email"]
[Date "2016.08.29"]
[Round "?"]
[White "Kuzmin, Konstantin"]
[Black "Monacell, James"]
[Result "1/2-1/2"]
[WhiteElo "2369"]
[BlackElo "2502"]
[PlyCount "64"]
[EventDate "2016.09.03"]
[EventType "tourn (corr)"]
[EventRounds "12"]
[EventCountry "GER"]
[SourceTitle "Corr 2022"]
[Source "ChessBase"]
[SourceDate "2021.10.24"]
[SourceVersion "1"]
[SourceVersionDate "2021.10.24"]
[SourceQuality "1"]

1. d4 Nf6 2. Nf3 g6 3. c4 Bg7 4. Nc3 0-0 5. e4 d6 6. Be2 e5 7. 0-0 Nc6 8. d5 Ne7 9. b4 Nh5 10. Re1 f5 11. Ng5 Nf6 12. f3 Kh8 13. Ne6 Bxe6 14. dxe6 Re8 15. Bg5 h6 16. Be3 fxe4 17. fxe4 Nc6 18. Nd5 Rxe6 19. Bg4 Re8 20. Nxf6 Bxf6 21. Bxh6 Bg5 22. Bxg5 Qxg5 23. Bd7 Rf8 24. Bxc6 bxc6 25. Qe2 Rab8 26. a3 Rf4 27. Rad1 Kh7 28. Rd3 Rbf8 29. Qe3 Qf6 30. h3 Rf1+ 31. Kh2 Rxe1 32. Qxe1 Qf1 1/2-1/2

[Event "WC-2016-Q-00001"]
[Site "LSS email"]
[Date "2016.08.29"]
[Round "?"]
[White "Monacell, James"]
[Black "Kuzmin, Konstantin"]
[Result "1/2-1/2"]
[WhiteElo "2502"]
[BlackElo "2369"]
[PlyCount "67"]
[EventDate "2016.09.03"]
[EventType "tourn (corr)"]
[EventRounds "12"]
[EventCountry "GER"]
[SourceTitle "Corr 2022"]
[Source "ChessBase"]
[SourceDate "2021.10.24"]
[SourceVersion "1"]
[SourceVersionDate "2021.10.24"]
[SourceQuality "1"]

1. d4 Nf6 2. c4 e6 3. g3 d5 4. Nf3 Be7 5. Bg2 0-0 6. 0-0 dxc4 7. Qc2 a6 8. Qxc4 b5 9. Qc2 Bb7 10. Bd2 Be4 11. Qc1 Bb7 12. Bf4 Bd6 13. Nc3 c5 14. Rd1 c4 15. Bg5 Nbd7 16. e4 Be7 17. e5 Nd5 18. Ne4 Bc6 19. h4 N7b6 20. Nh2 Rc8 21. Ng4 Kh8 22. Re1 Na4 23. b3 Nab6 24. Nd6 Rc7 25. Bxd5 Nxd5 26. Bxe7 Qxe7 27. bxc4 bxc4 28. Ne3 f5 29. Qxc4 f4 30. Nxd5 Bxd5 31. Qd3 a5 32. Rac1 Bxa2 33. Qa3 Bd5 34. Qxa5 1/2-1/2

[Event "WC-2016-S-00005"]
[Site "LSS email"]
[Date "2016.07.28"]
[Round "?"]
[White "Conterno, Dominique"]
[Black "Kuzmin, Konstantin"]
[Result "1/2-1/2"]
[WhiteElo "2305"]
[BlackElo "2368"]
[PlyCount "50"]
[EventDate "2016.08.03"]
[EventType "tourn (corr)"]
[EventRounds "12"]
[EventCountry "GER"]
[SourceTitle "Corr 2022"]
[Source "ChessBase"]
[SourceDate "2021.10.24"]
[SourceVersion "1"]
[SourceVersionDate "2021.10.24"]
[SourceQuality "1"]

1. e4 d5 2. exd5 Qxd5 3. Nc3 Qd6 4. d4 Nf6 5. Nf3 c6 6. Ne5 Nbd7 7. Bf4 Nd5 8. Nxd5 Qxd5 9. Nf3 Nb6 10. Be2 Bf5 11. c3 Qe4 12. Bg3 Qc2 13. Qxc2 Bxc2 14. 0-0 e6 15. Rac1 Bg6 16. Nh4 0-0-0 17. Rfe1 Na4 18. Nxg6 hxg6 19. Rc2 Nb6 20. Bf3 Bd6 21. Bxd6 Rxd6 22. g3 Kd7 23. h4 a5 24. Re5 Ra8 25. b3 Ke7 1/2-1/2

[Event "WC-2016-S-00005"]
[Site "LSS email"]
[Date "2016.07.28"]
[Round "?"]
[White "Kuzmin, Konstantin"]
[Black "Kuhne, Detlev"]
[Result "1/2-1/2"]
[WhiteElo "2368"]
[BlackElo "2433"]
[PlyCount "50"]
[EventDate "2016.08.03"]
[EventType "tourn (corr)"]
[EventRounds "12"]
[EventCountry "GER"]
[SourceTitle "Corr 2022"]
[Source "ChessBase"]
[SourceDate "2021.10.24"]
[SourceVersion "1"]
[SourceVersionDate "2021.10.24"]
[SourceQuality "1"]

1. e4 c5 2. Nf3 d6 3. Bb5+ Nd7 4. d4 cxd4 5. Qxd4 a6 6. Bxd7+ Bxd7 7. c4 Nf6 8. Nc3 g6 9. 0-0 Bg7 10. Bg5 0-0 11. Rfd1 Be6 12. Qd3 Nd7 13. Rac1 Rc8 14. b3 Bg4 15. Nd5 f6 16. Be3 e6 17. Nc3 Ne5 18. Qxd6 Qxd6 19. Rxd6 Nxf3+ 20. gxf3 Bxf3 21. Rxe6 Rce8 22. Rb6 Rf7 23. Rd6 f5 24. exf5 gxf5 25. Rd3 Bxc3 1/2-1/2

[Event "CP-2016-S-00003"]
[Site "LSS email"]
[Date "2016.03.06"]
[Round "?"]
[White "Domanov, Dmitry"]
[Black "Kuzmin, Konstantin"]
[Result "1/2-1/2"]
[WhiteElo "2548"]
[BlackElo "2373"]
[PlyCount "75"]
[EventDate "2016.03.10"]
[EventType "tourn (corr)"]
[EventRounds "7"]
[EventCountry "GER"]
[SourceTitle "Corr 2022"]
[Source "ChessBase"]
[SourceDate "2021.10.24"]
[SourceVersion "1"]
[SourceVersionDate "2021.10.24"]
[SourceQuality "1"]

1. e4 e5 2. Nf3 Nc6 3. Bb5 Nf6 4. d3 d6 5. 0-0 Be7 6. c3 0-0 7. Re1 a6 8. Ba4 b5 9. Bc2 d5 10. Nbd2 dxe4 11. dxe4 Be6 12. a4 b4 13. Qe2 Nd7 14. a5 bxc3 15. bxc3 Nc5 16. Nc4 f6 17. Ne3 Nb7 18. Nh4 Kh8 19. Nef5 Bc5 20. Rd1 Qc8 21. Ba4 Qe8 22. Qg4 g5 23. g3 Nbxa5 24. Ng2 Qf7 25. Be3 Bb6 26. Rab1 Bxe3 27. Ngxe3 Nd8 28. Qe2 Nab7 29. Qb2 Nc5 30. Nh6 Qh5 31. Qa3 Ndb7 32. Bc6 Qxh6 33. Bxb7 Nxb7 34. Rxb7 Rf7 35. Qa5 Qg7 36. Rdb1 h5 37. c4 c6 38. Rb8+ 1/2-1/2

[Event "CP-2016-S-00003"]
[Site "LSS email"]
[Date "2016.03.06"]
[Round "?"]
[White "Kuzmin, Konstantin"]
[Black "Felicio, Clairton"]
[Result "1/2-1/2"]
[WhiteElo "2373"]
[BlackElo "2376"]
[PlyCount "84"]
[EventDate "2016.03.10"]
[EventType "tourn (corr)"]
[EventRounds "7"]
[EventCountry "GER"]
[SourceTitle "Corr 2022"]
[Source "ChessBase"]
[SourceDate "2021.10.24"]
[SourceVersion "1"]
[SourceVersionDate "2021.10.24"]
[SourceQuality "1"]

1. d4 d5 2. c4 c6 3. Nf3 Nf6 4. e3 Bf5 5. Nc3 e6 6. Nh4 Be4 7. f3 Bg6 8. Qb3 Qc7 9. Bd2 Be7 10. g3 Bh5 11. Be2 dxc4 12. Qxc4 Nbd7 13. e4 0-0 14. Bf4 Qa5 15. a3 Rfd8 16. b4 b5 17. bxa5 bxc4 18. Ng2 c5 19. d5 exd5 20. exd5 Ne8 21. h4 Bg6 22. Ne3 Bd6 23. Rc1 Bxf4 24. gxf4 Bd3 25. Ne4 Rab8 26. Nxc4 Bxc4 27. Bxc4 Ndf6 28. 0-0 Nxd5 29. Rfd1 Ne3 30. Rxd8 Rxd8 31. Bb3 Nf5 32. Rxc5 Nd4 33. Bd5 Nxf3+ 34. Kf2 Nxh4 35. Ng5 Nd6 36. Rc7 a6 37. Ra7 h6 38. Nxf7 Nxf7 39. Bxf7+ Kf8 40. Bc4 Rd4 41. Bxa6 Rxf4+ 42. Ke2 Ra4 1/2-1/2

[Event "BI-2016-F-0000"]
[Site "LSS email"]
[Date "2016.02.14"]
[Round "?"]
[White "Kuzmin, Konstantin"]
[Black "Goreczny, Grzegorz"]
[Result "1/2-1/2"]
[WhiteElo "2372"]
[BlackElo "2088"]
[PlyCount "156"]
[EventDate "2016.02.20"]
[EventType "tourn (corr)"]
[EventRounds "10"]
[EventCountry "GER"]
[SourceTitle "Corr 2022"]
[Source "ChessBase"]
[SourceDate "2021.10.24"]
[SourceVersion "1"]
[SourceVersionDate "2021.10.24"]
[SourceQuality "1"]

1. Nf3 Nf6 2. c4 e6 3. g3 d5 4. Bg2 dxc4 5. Qa4+ Nbd7 6. Qxc4 c5 7. 0-0 a6 8. Qb3 Bd6 9. a4 Qc7 10. Na3 b6 11. Nc4 Bb7 12. d3 0-0 13. e4 Rfc8 14. Rd1 Ng4 15. h3 Ngf6 16. Nxd6 Qxd6 17. Nd2 Qc7 18. Nc4 h6 19. Be3 a5 20. Kh2 Ba6 21. f4 Bxc4 22. dxc4 e5 23. Rd3 Nf8 24. Rad1 Rd8 25. fxe5 N6d7 26. Bf4 Ne6 27. Rd6 Ndf8 28. R1d5 Ng6 29. Qf3 Ne7 30. Rd2 Ng6 31. h4 Nd4 32. Qg4 Qe7 33. Rf2 Rab8 34. Bxh6 Rxd6 35. exd6 Qxd6 36. Bf4 Ne5 37. Qh5 Ndc6 38. Rd2 Qe7 39. Rd5 Re8 40. b3 Qe6 41. Kh1 Qf6 42. Qf5 Qe7 43. Bxe5 Nxe5 44. Kh2 g6 45. Qf4 Kg7 46. Bh3 f6 47. Bg4 Kf7 48. Be2 Rh8 49. Kg2 Qe6 50. Bd1 Qe7 51. Qd2 Ke6 52. Be2 Qc7 53. Qf4 Kf7 54. h5 gxh5 55. Qf5 Qe7 56. Bxh5+ Kg7 57. Kf1 Rg8 58. Kf2 Rd8 59. Kg2 Rh8 60. Bg4 Re8 61. Kf2 Rh8 62. Bh5 Rd8 63. Ke2 Kh8 64. g4 Kg7 65. Kd2 Kh8 66. Kc3 Kg7 67. g5 Rxd5 68. gxf6+ Qxf6 69. Qxf6+ Kxf6 70. cxd5 Kg5 71. Be8 Kf6 72. Kd2 Ke7 73. Bh5 Kd8 74. Ke3 Ke7 75. Kf4 Kd6 76. Bg4 Ng6+ 77. Kf5 Ne5 78. Kg5 Nf7+ 1/2-1/2

[Event "BI-2016-F-0000"]
[Site "LSS email"]
[Date "2016.02.14"]
[Round "?"]
[White "Kuzmin, Konstantin"]
[Black "Milde, Lars"]
[Result "1-0"]
[WhiteElo "2372"]
[BlackElo "2279"]
[PlyCount "154"]
[EventDate "2016.02.20"]
[EventType "tourn (corr)"]
[EventRounds "10"]
[EventCountry "GER"]
[SourceTitle "Corr 2022"]
[Source "ChessBase"]
[SourceDate "2021.10.24"]
[SourceVersion "1"]
[SourceVersionDate "2021.10.24"]
[SourceQuality "1"]

1. Nf3 Nf6 2. c4 g6 3. d4 Bg7 4. Nc3 d6 5. e4 0-0 6. Be2 e5 7. 0-0 Nc6 8. d5 Ne7 9. b4 Nh5 10. Re1 f5 11. Ng5 Nf6 12. f3 Kh8 13. Rb1 h6 14. Ne6 Bxe6 15. dxe6 fxe4 16. fxe4 Nc6 17. Nd5 Ng8 18. Bd3 Nd4 19. Qg4 g5 20. Bb2 c6 21. Ne3 Qe8 22. c5 dxc5 23. bxc5 Nf6 24. Qh3 Qxe6 25. Nf5 b5 26. cxb6 axb6 27. Bxd4 exd4 28. Rxb6 Ra7 29. Rc1 Nxe4 30. Nxg7 Qxh3 31. gxh3 Nf2 32. Bf1 Rxg7 33. Rcxc6 h5 34. Rh6+ Rh7 35. Rxh7+ Kxh7 36. a4 g4 37. hxg4 Nxg4 38. a5 Rf3 39. a6 Ra3 40. h3 Ne5 41. Re6 Nf3+ 42. Kf2 Ng5 43. Re7+ Kg6 44. a7 Kf6 45. Rb7 Ne4+ 46. Kg1 Nd6 47. Rb6 Rxa7 48. Rxd6+ Kg7 49. Rxd4 Re7 50. Kf2 Rf7+ 51. Ke1 Rf5 52. Be2 Kf7 53. Rh4 Kg6 54. Ra4 Kf6 55. Kd2 Re5 56. Bf3 Rf5 57. Ke3 Re5+ 58. Kf4 Rf5+ 59. Kg3 Kg5 60. h4+ Kh6 61. Be4 Rf1 62. Ra7 Rf7 63. Ra6+ Kg7 64. Ra5 Kh6 65. Bf3 Rg7+ 66. Kh3 Rf7 67. Rxh5+ Kg6 68. Kg4 Kg7 69. Be4 Rf1 70. Rd5 Re1 71. Kf4 Rf1+ 72. Bf3 Rf2 73. h5 Rf1 74. Re5 Rg1 75. Re6 Rf1 76. h6+ Kf7 77. Re7+ Kg8 1-0

[Event "BI-2016-F-0000"]
[Site "LSS email"]
[Date "2016.02.14"]
[Round "?"]
[White "Kuzmin, Konstantin"]
[Black "Moskalenko, Eduard"]
[Result "1/2-1/2"]
[WhiteElo "2372"]
[BlackElo "2257"]
[PlyCount "61"]
[EventDate "2016.02.20"]
[EventType "tourn (corr)"]
[EventRounds "10"]
[EventCountry "GER"]
[SourceTitle "Corr 2022"]
[Source "ChessBase"]
[SourceDate "2021.10.24"]
[SourceVersion "1"]
[SourceVersionDate "2021.10.24"]
[SourceQuality "1"]

1. Nf3 d5 2. d4 c6 3. c4 Nf6 4. cxd5 cxd5 5. Nc3 Nc6 6. Bf4 Bf5 7. e3 e6 8. Be2 a6 9. Qb3 Nh5 10. Qxb7 Na5 11. Qc7 Nxf4 12. Qxd8+ Rxd8 13. exf4 Rb8 14. 0-0-0 Bd6 15. Ne5 h6 16. Bd3 Bxd3 17. Nxd3 0-0 18. Rd2 Rfc8 19. Rc2 Rc4 20. Ne2 Nc6 21. b3 Ba3+ 22. Kd2 Rxc2+ 23. Kxc2 a5 24. Kd2 a4 25. Rb1 axb3 26. Rxb3 Ra8 27. Ne5 Bb4+ 28. Ke3 Nxe5 29. fxe5 Ra4 30. h4 h5 31. g3 1/2-1/2

[Event "BI-2016-F-0000"]
[Site "LSS email"]
[Date "2016.02.14"]
[Round "?"]
[White "Roberts, Anthony"]
[Black "Kuzmin, Konstantin"]
[Result "1/2-1/2"]
[WhiteElo "2339"]
[BlackElo "2372"]
[PlyCount "56"]
[EventDate "2016.02.20"]
[EventType "tourn (corr)"]
[EventRounds "10"]
[EventCountry "GER"]
[SourceTitle "Corr 2022"]
[Source "ChessBase"]
[SourceDate "2021.10.24"]
[SourceVersion "1"]
[SourceVersionDate "2021.10.24"]
[SourceQuality "1"]

1. e4 e5 2. Nf3 Nc6 3. Bb5 a6 4. Ba4 Nf6 5. 0-0 Be7 6. Re1 b5 7. Bb3 d6 8. c3 0-0 9. h3 Na5 10. Bc2 c5 11. d4 Qc7 12. Nbd2 cxd4 13. cxd4 Nc6 14. Nb3 a5 15. Be3 a4 16. Nbd2 Bd7 17. Rc1 Qb7 18. Qe2 Rfe8 19. Bd3 Rab8 20. Bb1 exd4 21. Nxd4 Bd8 22. Nxc6 Bxc6 23. Bd4 Nd7 24. b3 axb3 25. axb3 Ba5 26. Red1 Nf8 27. Bb2 Ng6 28. Qe3 Bb6 1/2-1/2

[Event "WC-2016-P-00011"]
[Site "LSS email"]
[Date "2016.01.22"]
[Round "?"]
[White "Kuzmin, Konstantin"]
[Black "Pilgram, Kurt"]
[Result "1/2-1/2"]
[WhiteElo "2349"]
[BlackElo "1989"]
[PlyCount "67"]
[EventDate "2016.01.28"]
[EventType "tourn (corr)"]
[EventRounds "12"]
[EventCountry "GER"]
[SourceTitle "Corr 2022"]
[Source "ChessBase"]
[SourceDate "2021.10.24"]
[SourceVersion "1"]
[SourceVersionDate "2021.10.24"]
[SourceQuality "1"]

1. d4 d5 2. c4 e6 3. Nc3 Nf6 4. Nf3 c5 5. cxd5 Nxd5 6. e4 Nxc3 7. bxc3 cxd4 8. cxd4 Bb4+ 9. Bd2 Bxd2+ 10. Qxd2 0-0 11. Rc1 Nc6 12. Bb5 Bd7 13. 0-0 Ne5 14. Be2 Nxf3+ 15. Bxf3 Bb5 16. Rfe1 Qd7 17. d5 exd5 18. exd5 Qd6 19. Qa5 a6 20. Qc7 Rad8 21. h4 b6 22. Qxd6 Rxd6 23. g4 Bd7 24. Kg2 h6 25. Rc7 f6 26. Rb7 g5 27. Rc1 gxh4 28. Rcc7 Rf7 29. Be4 Be8 30. Kh3 Kf8 31. Kxh4 Rxc7 32. Rxc7 Bf7 33. f4 f5 34. Bxf5 1/2-1/2

[Event "CP-2015-Q-00002"]
[Site "LSS email"]
[Date "2015.12.02"]
[Round "?"]
[White "Kuzmin, Konstantin"]
[Black "Szabo, Vilmos"]
[Result "1-0"]
[WhiteElo "2338"]
[BlackElo "2441"]
[PlyCount "123"]
[EventDate "2015.12.08"]
[EventType "tourn (corr)"]
[EventRounds "6"]
[EventCountry "GER"]
[SourceTitle "Corr 2022"]
[Source "ChessBase"]
[SourceDate "2021.10.24"]
[SourceVersion "1"]
[SourceVersionDate "2021.10.24"]
[SourceQuality "1"]

1. d4 Nf6 2. c4 e6 3. g3 d5 4. Bg2 Bb4+ 5. Bd2 Be7 6. Nf3 0-0 7. 0-0 c6 8. Bf4 Nbd7 9. Qc2 b6 10. Rd1 Ba6 11. b3 h6 12. Nc3 Rc8 13. e4 dxc4 14. Nd2 g5 15. Be3 Qc7 16. h3 b5 17. bxc4 bxc4 18. Nf3 Rfd8 19. Rab1 Rb8 20. Rxb8 Rxb8 21. h4 Ng4 22. Bc1 c5 23. d5 Nde5 24. hxg5 hxg5 25. Nxg5 Nd3 26. Nxf7 Ngxf2 27. e5 Kxf7 28. d6 Qd7 29. Rf1 Bd8 30. Rxf2+ Kg8 31. Bh3 Qe8 32. Rh2 Rb7 33. Ne4 Qg6 34. Bg2 Bb5 35. Rh6 Qf5 36. Nf6+ Bxf6 37. exf6 Rh7 38. Rxh7 Kxh7 39. a4 Bd7 40. Qxc4 Kg8 41. Be3 Kf7 42. Qh4 Ne5 43. Qh8 Qxf6 44. Qh7+ Qg7 45. Qxg7+ Kxg7 46. Bxc5 Nc6 47. Bf1 Kf6 48. Bb5 Ke5 49. Kg2 a5 50. g4 Kd5 51. Ba3 e5 52. g5 Be8 53. Kg3 Ke6 54. Kh4 Kd7 55. Kg4 Bg6 56. Bc5 e4 57. Ba3 e3 58. Kf3 e2 59. Kxe2 Be8 60. Kf3 Ke6 61. Ke4 Bg6+ 62. Kf4 1-0